书目信息 |
| 题名: |
DSP控制工程实践技术
|
|
| 作者: | 付家才主编 | |
| 分册: | ||
| 出版信息: | 化学工业出版社 2005.06 |
|
| 页数: | ||
| 开本: | ||
| 丛书名: | ||
| 单 册: | ||
| 中图分类: | TN911.72 , TP272 | |
| 科图分类: | ||
| 主题词: | 自动化系统 | |
| 电子资源: | ||
| ISBN: | 7-5025-6558-2 | |
| 000 | 00556nam0 2200217 45 | |
| 001 | 010451272506 | |
| 005 | 20051018165435.68 | |
| 010 | @a7-5025-6558-2@dCNY27.00 | |
| 092 | @aCN@b安徽儒林-11-03406 | |
| 100 | @a20050804d2005 ekmy0 y0120 ea | |
| 102 | @aCN@b130000 | |
| 105 | @ay z 000yy | |
| 200 | 1 | @aDSP控制工程实践技术@f付家才主编 |
| 210 | @c化学工业出版社@d2005.06 | |
| 606 | 0 | @a自动化系统 |
| 690 | @aTN911.72@v4 | |
| 690 | @aTP272@v3 | |
| 701 | 0 | @a付家才主编 |
| 801 | 0 | @aCN@b安徽儒林@c20051018 |
| 905 | @dTP272@eF830 | |
| 906 | @d27@n3@r1 | |
| DSP控制工程实践技术/付家才主编.-化学工业出版社,2005.06 |
| ISBN 7-5025-6558-2:CNY27.00 |
| ● |
| 相关链接 |
|
|
|
正题名:DSP控制工程实践技术
索取号:TP272/F830
 
预约/预借
| 序号 | 登录号 | 条形码 | 馆藏地/架位号 | 状态 | 备注 |
| 1 | 570804 | 205708046 | 自科库301/301自科库 41排5列1层/ [索取号:TP272/F830] | 在馆 | |
| 2 | 570805 | 205708055 | 自科库301/301自科库 41排5列1层/ [索取号:TP272/F830] | 在馆 | |
| 3 | 570806 | 205708064 | 自科库301/301自科库 41排5列1层/ [索取号:TP272/F830] | 在馆 |